000 01207naa a22003257a 4500
001 BR8704378
003 BR-BrBNA
005 20240918175822.0
007 ta
008 230509b bl.||||| |||| 00| 0 por d
040 _aBR-BrBNA
_bpor
_cBiblioteca Nacional de Agricultura
041 _a(Pt)
072 _aL51
_b5300
_bG514
090 _aL51 BR8704378
100 1 _aFialho, E.T.
100 1 _aGomes, P.C.
100 1 _aAlbino, L.F.T.
100 1 _aCosta, V.
111 1 _a19. Reuniao Anual da Sociedade Brasileira de Zootecnia
_cPiracicaba, SP (Brazil)
_d15-21 Jul 1982
245 1 _aDeterminacao de valores de composicao quimica e de digestibilidade de alguns ingredientes nacionais para suinos
260 3 _aCampinas, SP (Brasil):
_c1982.
500 _aAnais da 19. Reuniao Anual da Sociedade Brasileira de Zootecnia Campinas, SP (Brasil): 1982. p. 74-75 (BR8704378-AM)L51
650 _aSUINO
650 _aDIGESTIBILIDADE
650 _aCOMPOSICAO QUIMICA
650 _aNUTRICAO ANIMAL
773 0 _tAnais da 19. Reuniao Anual da Sociedade Brasileira de Zootecnia
_wL51 BR8704378
_gCampinas, SP (Brasil), 1982. p. 74-75
909 _a202404
_bLucia
_c55
_dLucia Elande
942 _cAM
_2AGRIS
999 _c318275
_d318275